000 01898nam a22001577a 4500
041 _aukr
080 _a09
090 _bАНД
100 _aАндрощук В.Р.
245 _aЛексико-семантичне поле "людські стосунки" у творі Джека Лондона "Місячна долина"
260 _aОстрог
_bКАФ
_c2007
300 _a56
520 _aВступ Розділ 1. Семантика як наука та методи семантичного дослідження. 1.1. Семантика як галузь мовознавства. 1.2. Методи семантичного дослідження. Розділ 2. Поняття поля у лінгвістиці. 2.1. Лексико-семантичне поле як структурний компонент та метод його дослідження. 2.2. Класифікація полів. 2.3. Типи зв’язків у лексичних польових структурах. 2.4. Відмінність ЛСП і ЛСГ і синонімічного ряду. 2.5. Поняття насиченості та варіативності семантичного поля. Розділ 3. Аналіз лексико-семантичного поля «людські стосунки» на прикладі твору Джека Лондона «Місячна людина». 3.1. Лексеми, які відносяться до лексико-семантичного поля «людські стосунки» та їх аналіз. 3.2. Варіативність та насиченість семантичного поля «людські стосунки» у досліджуваному творі. Висновки.
_0семантика, семантичне поле, лінгвістика
650 _aResearch Papers
999 _c284046
_d284046
942 _cBK